[Event "Gibtelecom Festival 2010 - Challenger 2"]
[Site "Gibraltar ENG"]
[Date "2010.01.31"]
[Round "1.1"]
[White "Montero Melendez, Rafael"]
[Black "Molina, Antonio"]
[Result "1-0"]
[WhiteElo "2248"]
[BlackElo "2148"]
[PlyCount "131"]
[EventDate "2010.01.31"]
[EventType "swiss"]
[EventRounds "5"]
[EventCountry "ENG"]
[Source "lmi"]
[SourceDate "2010.01.31"]

1. d4 Nf6 2. c4 g6 3. Nc3 Bg7 4. e4 d6 5. Nf3 O-O 6. h3 c5 7. d5 b5 8. cxb5 a6
9. a4 Nbd7 10. Bg5 h6 11. Be3 Qa5 12. Nd2 Kh7 13. Qc2 axb5 14. Bxb5 Ba6 15. Nc4
Qb4 16. Bd2 Bxb5 17. Nxb5 Qxb5 18. axb5 Rxa1+ 19. Bc1 Nxe4 20. O-O Nef6 21. Bd2
Raa8 22. Qb3 Rfb8 23. Re1 Bf8 24. Ba5 Kg8 25. Bc7 Rb7 26. b6 Nxb6 27. Bxb6 Nd7
28. f4 Nxb6 29. Qb5 Rab8 30. Na5 Rc7 31. Nc6 Rbb7 32. Nd8 Rb8 33. Qe8 Rxd8 34.
Qxd8 Rb7 35. Ra1 Kg7 36. Ra6 Nxd5 37. Ra8 Nxf4 38. Qxf8+ Kf6 39. Qxh6 Ne2+ 40.
Kh2 Nd4 41. Qf4+ Kg7 42. Qh4 f5 43. Qh8+ Kf7 44. Qg8+ Kf6 45. Rf8+ Kg5 46. h4+
Kf4 47. Qxg6 e6 48. Qg3+ Ke4 49. Qe1+ Kd5 50. Qf2 e5 51. Rxf5 Nxf5 52. Qxf5
Rxb2 53. Qd3+ Ke6 54. h5 Rb4 55. Qg6+ Kd5 56. h6 Rb8 57. h7 c4 58. Qg8+ Rxg8
59. hxg8=Q+ Kd4 60. Qg5 c3 61. Kg1 d5 62. Kf2 e4 63. Ke2 Kc4 64. Qg8 Kd4 65.
Qc8 e3 66. g4 1-0

[Event "Gibtelecom Festival 2010 - Challenger 2"]
[Site "Gibraltar ENG"]
[Date "2010.01.31"]
[Round "1.2"]
[White "Lipecki, Alexander"]
[Black "Avalos Parra, Joao"]
[Result "0-1"]
[WhiteElo "2146"]
[BlackElo "2245"]
[PlyCount "82"]
[EventDate "2010.01.31"]
[EventType "swiss"]
[EventRounds "5"]
[EventCountry "ENG"]
[Source "lmi"]
[SourceDate "2010.01.31"]

1. e4 e6 2. d4 d5 3. Nd2 Nc6 4. Ngf3 Nf6 5. e5 Nd7 6. Bd3 Nb4 7. Be2 c5 8. c3
Nc6 9. Bd3 Be7 10. O-O cxd4 11. cxd4 a5 12. b3 Qb6 13. Bb2 g5 14. Be2 g4 15.
Ne1 h5 16. Nc2 Nf8 17. Bd3 Bd7 18. Qe2 Rg8 19. a3 f5 20. f4 Rc8 21. Rfc1 Ng6
22. g3 h4 23. Nf1 Kf7 24. Nfe3 Rh8 25. Kg2 hxg3 26. hxg3 Rh6 27. Bb5 Rch8 28.
Rh1 Ncxe5 29. fxe5 Bxb5 30. Qd2 Bg5 31. Rxh6 Rxh6 32. Rh1 Rxh1 33. Kxh1 Qd8 34.
Qf2 Kg7 35. Bc3 Bd3 36. Ne1 Be4+ 37. N3g2 f4 38. Kg1 Qh8 39. Bxa5 Qh3 40. gxf4
Nxf4 41. Kf1 Bd3+ 0-1

[Event "Gibtelecom Festival 2010 - Challenger 2"]
[Site "Gibraltar ENG"]
[Date "2010.01.31"]
[Round "1.3"]
[White "Mascarenhas, Alberto Pinheiro"]
[Black "Thingstad, Even"]
[Result "0-1"]
[WhiteElo "2238"]
[BlackElo "2141"]
[PlyCount "92"]
[EventDate "2010.01.31"]
[EventType "swiss"]
[EventRounds "5"]
[EventCountry "ENG"]
[Source "lmi"]
[SourceDate "2010.01.31"]

1. d4 Nf6 2. c4 e6 3. Nf3 b6 4. g3 Ba6 5. b3 b5 6. Bg2 bxc4 7. Ne5 Bb4+ 8. Kf1
c6 9. bxc4 O-O 10. Bb2 d5 11. c5 Nfd7 12. Nd3 Ba5 13. Nd2 f6 14. Bh3 Qe7 15.
Nb3 Bc7 16. Nb4 Bb7 17. f4 e5 18. e3 exf4 19. exf4 Re8 20. Bg4 a5 21. Nc2 a4
22. Nc1 Ba6+ 23. Kf2 Ba5 24. Rb1 f5 25. Bxf5 Nf6 26. Nd3 g6 27. Bh3 Ne4+ 28.
Kg1 Bxd3 29. Qxd3 Nd2 30. Rd1 Qe2 31. Qxe2 Rxe2 32. Bg4 Nf3+ 33. Bxf3 Rxc2 34.
Rb1 Nd7 35. Bd1 Rd2 36. Bxa4 Rb8 37. Bxc6 Nf6 38. h3 Rbxb2 39. Rxb2 Rxb2 40.
Rh2 Bc3 41. Rxb2 Bxb2 42. g4 Bxd4+ 43. Kg2 Bxc5 44. g5 Nh5 45. Bxd5+ Kg7 46.
Kf3 Bd6 0-1

[Event "Gibtelecom Festival 2010 - Challenger 2"]
[Site "Gibraltar ENG"]
[Date "2010.01.31"]
[Round "1.4"]
[White "Aerni, Andi"]
[Black "Martinez Rodriguez, Pablo"]
[Result "1-0"]
[WhiteElo "2137"]
[BlackElo "2234"]
[PlyCount "108"]
[EventDate "2010.01.31"]
[EventType "swiss"]
[EventRounds "5"]
[EventCountry "ENG"]
[Source "lmi"]
[SourceDate "2010.01.31"]

1. d4 d5 2. c4 e6 3. Nc3 Be7 4. Nf3 Nf6 5. Bg5 O-O 6. e3 Nbd7 7. Bd3 a6 8. c5
c6 9. h3 e5 10. dxe5 Ne8 11. Bf4 Nxc5 12. Bc2 g6 13. Rb1 Ng7 14. O-O Bf5 15. b4
Nce6 16. Bh2 Bxc2 17. Qxc2 f6 18. exf6 Bxf6 19. a4 Rc8 20. Qb3 Nf5 21. Ne4 Bg7
22. Rfd1 Qe7 23. Nc5 Rce8 24. Nxe6 Qxe6 25. b5 axb5 26. axb5 Nd6 27. bxc6 bxc6
28. Bxd6 Qxd6 29. Nd4 Rb8 30. Qa4 Rxb1 31. Rxb1 c5 32. Qc6 Qxc6 33. Nxc6 Bf6
34. Rb5 c4 35. Rxd5 c3 36. Rc5 Ra8 37. e4 Ra2 38. Nb4 Rb2 39. Nd5 Bd4 40. Rc8+
Kf7 41. Nxc3 Rxf2 42. Rc7+ Ke8 43. Nb5 Bb6 44. Rb7 Bc5 45. Kh2 Re2 46. Rxh7
Rxe4 47. Rg7 Be7 48. Rxg6 Rb4 49. Nd6+ Kd7 50. Nf5 Bd8 51. Rd6+ Kc8 52. Rd2
Bc7+ 53. g3 Rb5 54. Nd6+ Bxd6 1-0

[Event "Gibtelecom Festival 2010 - Challenger 2"]
[Site "Gibraltar ENG"]
[Date "2010.01.31"]
[Round "1.5"]
[White "Rioseco Pinochet, Fernan"]
[Black "Popa-Matei, Viorel-Ovidiu"]
[Result "0-1"]
[WhiteElo "2226"]
[BlackElo "2137"]
[PlyCount "40"]
[EventDate "2010.01.31"]
[EventType "swiss"]
[EventRounds "5"]
[EventCountry "ENG"]
[Source "lmi"]
[SourceDate "2010.01.31"]

1. e4 e5 2. f4 exf4 3. Nf3 d6 4. d4 g5 5. Bc4 Bg7 6. O-O Nc6 7. c3 h6 8. h4 Qe7
9. Qb3 Bd7 10. Qxb7 Rb8 11. Qa6 g4 12. Nh2 f3 13. g3 Nf6 14. Nd2 O-O 15. Bd5
Nxd5 16. exd5 Nxd4 17. cxd4 Bxd4+ 18. Kh1 Bb5 19. Qa3 Bxf1 20. Ndxf3 Qe2 0-1

[Event "Gibtelecom Festival 2010 - Challenger 2"]
[Site "Gibraltar ENG"]
[Date "2010.01.31"]
[Round "1.6"]
[White "Osuna Vega, Enrique"]
[Black "Lyell, Mark"]
[Result "0-1"]
[WhiteElo "2128"]
[BlackElo "2224"]
[PlyCount "36"]
[EventDate "2010.01.31"]
[EventType "swiss"]
[EventRounds "5"]
[EventCountry "ENG"]
[Source "lmi"]
[SourceDate "2010.01.31"]

1. e4 e5 2. d4 exd4 3. Bc4 Nf6 4. Nf3 Nc6 5. e5 d5 6. Bb5 Ne4 7. Nxd4 Bc5 8.
O-O O-O 9. Bxc6 bxc6 10. f3 f6 11. exf6 Qxf6 12. Be3 Ba6 13. Re1 Rae8 14. c3
Nd6 15. Nc2 Rxe3 16. Nxe3 Nf5 17. Qa4 Nxe3 18. Qxa6 Nxg2+ 0-1

[Event "Gibtelecom Festival 2010 - Challenger 2"]
[Site "Gibraltar ENG"]
[Date "2010.01.31"]
[Round "1.8"]
[White "Vinas Guerrero, Carlos A"]
[Black "Mlynek, Petr"]
[Result "0-1"]
[WhiteElo "2120"]
[BlackElo "2218"]
[PlyCount "94"]
[EventDate "2010.01.31"]
[EventType "swiss"]
[EventRounds "5"]
[EventCountry "ENG"]
[Source "lmi"]
[SourceDate "2010.01.31"]

1. e4 c6 2. d4 d5 3. f3 g6 4. Nc3 Bg7 5. Be3 e6 6. Qd2 Nd7 7. Nh3 b5 8. a3 Nb6
9. Nf2 a5 10. Be2 h5 11. O-O Ne7 12. Kh1 O-O 13. g4 hxg4 14. Nxg4 f5 15. Ne5
dxe4 16. fxe4 b4 17. axb4 axb4 18. Rxa8 bxc3 19. Rxc8 cxd2 20. Rxd8 Rxd8 21.
Rd1 fxe4 22. Rxd2 Nf5 23. Bg5 Rxd4 24. Nxc6 Rxd2 25. Bxd2 Bxb2 26. Ba5 Nd5 27.
Kg1 Kg7 28. Kf2 Bc3 29. Bxc3+ Nxc3 30. Ne5 Nd4 31. Bg4 Nxc2 32. Nc4 Kf6 33. Ne3
Nxe3 34. Kxe3 Ke5 35. h4 Nd5+ 36. Kf2 Nf6 37. Bh3 Ng8 38. Ke3 Nh6 39. Ke2 Nf5
40. h5 gxh5 41. Kf2 Kf4 42. Bf1 e3+ 43. Ke1 h4 44. Bg2 Nd4 45. Bh1 h3 46. Bb7
e5 47. Bh1 Nf5 0-1

[Event "Gibtelecom Festival 2010 - Challenger 2"]
[Site "Gibraltar ENG"]
[Date "2010.01.31"]
[Round "1.9"]
[White "Kandic, Milan"]
[Black "Straub, Peter"]
[Result "1-0"]
[WhiteElo "2216"]
[BlackElo "2116"]
[PlyCount "61"]
[EventDate "2010.01.31"]
[EventType "swiss"]
[EventRounds "5"]
[EventCountry "ENG"]
[Source "lmi"]
[SourceDate "2010.01.31"]

1. e4 c5 2. Nf3 e6 3. d3 Nc6 4. g3 g6 5. Bg2 Bg7 6. O-O Nge7 7. c3 d5 8. Qe2
O-O 9. e5 a5 10. Bf4 b5 11. h4 Ba6 12. h5 Qb6 13. Nbd2 c4 14. d4 b4 15. hxg6
hxg6 16. Rab1 Rab8 17. Ng5 Nxd4 18. cxd4 c3 19. Qg4 cxd2 20. Qh4 Rfd8 21. Qh7+
Kf8 22. Rfd1 Nf5 23. Bh3 Nxd4 24. Rxd2 Nf5 25. Bxf5 gxf5 26. Qh5 Qc7 27. Rc2
Qa7 28. Nh7+ Ke8 29. Qg5 f6 30. exf6 Bf8 31. Rc7 1-0

[Event "Gibtelecom Festival 2010 - Challenger 2"]
[Site "Gibraltar ENG"]
[Date "2010.01.31"]
[Round "1.10"]
[White "Fokin, Sergey"]
[Black "Tjolsen, Katrine"]
[Result "1-0"]
[WhiteElo "2109"]
[BlackElo "2212"]
[PlyCount "85"]
[EventDate "2010.01.31"]
[EventType "swiss"]
[EventRounds "5"]
[EventCountry "ENG"]
[Source "lmi"]
[SourceDate "2010.01.31"]

1. d4 f5 2. g3 Nf6 3. Bg2 e6 4. Nf3 d5 5. O-O Bd6 6. c4 c6 7. b3 Qe7 8. a4 a5
9. Ba3 Bxa3 10. Nxa3 O-O 11. Ne5 Na6 12. Nc2 Nd7 13. Nd3 dxc4 14. bxc4 e5 15.
e3 Rd8 16. Qd2 Nc7 17. Qc3 e4 18. Nf4 Nf6 19. Rab1 Nce8 20. Rb2 Qf7 21. Rfb1
Ra7 22. Na3 g5 23. Ne2 Be6 24. d5 Bc8 25. Nd4 c5 26. Nb3 b6 27. Nd2 Nd7 28. Nb5
Ra8 29. f3 exf3 30. Nxf3 h6 31. Ne5 Nxe5 32. Qxe5 Rd7 33. Rf2 Re7 34. Qc3 Bb7
35. Rbf1 Qg7 36. Qd2 Rd8 37. Rxf5 Ba6 38. d6 Bc8 39. Bd5+ Re6 40. Qf2 Nxd6 41.
Nxd6 Rdxd6 42. Rf8+ Kh7 43. Rxc8 1-0

[Event "Gibtelecom Festival 2010 - Challenger 2"]
[Site "Gibraltar ENG"]
[Date "2010.01.31"]
[Round "1.11"]
[White "Tscharotschkin, Michael"]
[Black "Flermoen, Peter"]
[Result "1/2-1/2"]
[WhiteElo "2211"]
[BlackElo "2108"]
[PlyCount "97"]
[EventDate "2010.01.31"]
[EventType "swiss"]
[EventRounds "5"]
[EventCountry "ENG"]
[Source "lmi"]
[SourceDate "2010.01.31"]

1. e4 c5 2. c3 Nf6 3. e5 Nd5 4. d4 cxd4 5. Nf3 Nc6 6. cxd4 d6 7. Bc4 Nb6 8. Bb5
dxe5 9. Nxe5 Bd7 10. Bxc6 Bxc6 11. Nxc6 bxc6 12. O-O e6 13. Qg4 Qf6 14. Nc3 Be7
15. Bf4 O-O 16. Be5 Qg6 17. Qe2 c5 18. Rad1 Rfd8 19. dxc5 Bxc5 20. Ne4 Bf8 21.
Nc3 h6 22. Bc7 Rdc8 23. Bd6 Bxd6 24. Rxd6 Qf6 25. Rfd1 Nc4 26. R6d4 Nb6 27. Qd3
Qe7 28. h3 Rab8 29. b3 Rc6 30. g3 Rbc8 31. Rd8+ Rxd8 32. Qxd8+ Qxd8 33. Rxd8+
Kh7 34. Nb5 a6 35. Rd6 Rc1+ 36. Kg2 axb5 37. Rxb6 Ra1 38. Ra6 Rb1 39. h4 Rb2
40. h5 g6 41. hxg6+ Kxg6 42. Kf3 h5 43. Ra5 b4 44. Ra4 f6 45. Ke3 e5 46. Kf3
Kf5 47. Rxb4 Rxa2 48. Rh4 Rb2 49. Rxh5+ 1/2-1/2

[Event "Gibtelecom Festival 2010 - Challenger 2"]
[Site "Gibraltar ENG"]
[Date "2010.01.31"]
[Round "1.12"]
[White "Hagen, Anders Gjerdrum"]
[Black "Henriksson, Johan"]
[Result "0-1"]
[WhiteElo "2108"]
[BlackElo "2204"]
[PlyCount "124"]
[EventDate "2010.01.31"]
[EventType "swiss"]
[EventRounds "5"]
[EventCountry "ENG"]
[Source "lmi"]
[SourceDate "2010.01.31"]

1. d4 d5 2. Nf3 Nf6 3. c4 c6 4. Nc3 g6 5. Bf4 Bg7 6. e3 O-O 7. h3 Ne4 8. Qb3 e6
9. Bd3 Nxc3 10. bxc3 b6 11. cxd5 cxd5 12. O-O Nc6 13. Rac1 Bb7 14. Nd2 Rc8 15.
c4 Na5 16. Qa4 e5 17. Bg3 exd4 18. exd4 dxc4 19. Nxc4 Qd5 20. Ne3 Qxd4 21. Qxd4
Bxd4 22. Rfd1 Rxc1 23. Rxc1 Bc5 24. Ng4 f6 25. Rd1 Kg7 26. Bb5 h5 27. Ne3 Bc6
28. Bxc6 Nxc6 29. Bd6 Rd8 30. Bxc5 Rxd1+ 31. Nxd1 bxc5 32. Nc3 Kf7 33. Ne4 Nb4
34. a4 Nd3 35. Kf1 f5 36. Nd6+ Ke6 37. Nb5 a5 38. Ke2 c4 39. Kd2 Nc5 40. Kc3
Nxa4+ 41. Kxc4 Nb2+ 42. Kd4 Nd1 43. f3 h4 44. Nc7+ Kf7 45. Nd5 a4 46. Kc4 Ke6
47. Nf4+ Kf6 48. Kb4 Ne3 49. Kxa4 g5 50. Ne2 Nxg2 51. Kb4 Ke5 52. Kc3 Ne1 53.
f4+ gxf4 54. Kd2 Nf3+ 55. Kd3 Ng5 56. Ng1 f3 57. Ke3 f4+ 58. Kf2 Ke4 59. Ke1
Ke3 60. Kf1 Ne4 61. Ne2 Ng3+ 62. Ke1 f2+ 0-1

[Event "Gibtelecom Festival 2010 - Challenger 2"]
[Site "Gibraltar ENG"]
[Date "2010.01.31"]
[Round "1.13"]
[White "Weeramantry, Sunil"]
[Black "Demac, Elias"]
[Result "0-1"]
[WhiteElo "2201"]
[BlackElo "2104"]
[PlyCount "60"]
[EventDate "2010.01.31"]
[EventType "swiss"]
[EventRounds "5"]
[EventCountry "ENG"]
[Source "lmi"]
[SourceDate "2010.01.31"]

1. e4 c5 2. Nc3 Nc6 3. f4 a6 4. Nf3 b5 5. d4 cxd4 6. Nxd4 Bb7 7. Be2 e6 8. Be3
Qb6 9. Nf5 Qc7 10. Ng3 d6 11. O-O Nf6 12. Bd3 Be7 13. Nh5 Nxh5 14. Qxh5 Bf6 15.
Rad1 Rd8 16. Bxb5 Bxc3 17. Bxc6+ Qxc6 18. bxc3 Qxe4 19. Qe2 O-O 20. Rf3 Rc8 21.
Rd3 Bd5 22. Rg3 g6 23. Qd2 Rb8 24. h3 Rb2 25. a3 Rfb8 26. c4 Qxc4 27. Qc3 Rxc2
28. Qxc4 Rxc4 29. Bd4 Rb1+ 30. Kf2 Rc2+ 0-1

[Event "Gibtelecom Festival 2010 - Challenger 2"]
[Site "Gibraltar ENG"]
[Date "2010.01.31"]
[Round "1.14"]
[White "Knight, Simon"]
[Black "Ivanov, Stojan Emilov"]
[Result "0-1"]
[WhiteElo "2104"]
[BlackElo "2198"]
[PlyCount "84"]
[EventDate "2010.01.31"]
[EventType "swiss"]
[EventRounds "5"]
[EventCountry "ENG"]
[Source "lmi"]
[SourceDate "2010.01.31"]

1. e4 c5 2. Nf3 Nc6 3. d4 cxd4 4. Nxd4 e6 5. Be2 Nf6 6. Nc3 Be7 7. O-O O-O 8.
Be3 a6 9. Nxc6 bxc6 10. f4 d5 11. exd5 cxd5 12. Bd4 Qc7 13. Kh1 Bb7 14. Bd3
Rac8 15. Rf3 Ne4 16. Bxe4 dxe4 17. Rg3 f6 18. Qg4 Rf7 19. Qxe6 Qd6 20. Qb3 Qb4
21. Re3 Qxb3 22. cxb3 Bd6 23. g3 Rd7 24. Rd1 Bb8 25. Ree1 e3+ 26. Kg1 e2 27.
Nxe2 Rc2 28. Rc1 Rd2 29. Rcd1 R2xd4 30. Nxd4 Ba7 31. Kf1 Bxd4 32. Rd2 a5 33.
Red1 Ba6+ 34. Kg2 Bb7+ 35. Kh3 Bc8 36. g4 Re7 37. Rxd4 Re3+ 38. Kh4 Be6 39. f5
g5+ 40. fxg6 hxg6 41. R1d3 g5+ 42. Kh5 Rxd3 0-1

[Event "Gibtelecom Festival 2010 - Challenger 2"]
[Site "Gibraltar ENG"]
[Date "2010.01.31"]
[Round "1.15"]
[White "Urbina Perez, Juan Antonio"]
[Black "Wheldon, Philip"]
[Result "0-1"]
[WhiteElo "2197"]
[BlackElo "2103"]
[PlyCount "110"]
[EventDate "2010.01.31"]
[EventType "swiss"]
[EventRounds "5"]
[EventCountry "ENG"]
[Source "lmi"]
[SourceDate "2010.01.31"]

1. e4 c5 2. Nf3 d6 3. d4 cxd4 4. Nxd4 Nf6 5. Nc3 Nc6 6. g3 Qb6 7. Nb3 e6 8. Bg2
Be7 9. O-O O-O 10. Be3 Qc7 11. a4 Bd7 12. Qe2 Nb4 13. Rfd1 a6 14. a5 Rac8 15.
Rd2 Rfe8 16. Bb6 Qb8 17. Rad1 e5 18. h3 Be6 19. Nd5 Nbxd5 20. exd5 Bf5 21. g4
Bd7 22. c4 Ba4 23. Qd3 Nd7 24. Ra1 e4 25. Qc3 Bb5 26. Qe3 Bxc4 27. Bxe4 Nf6 28.
Bg2 Bf8 29. Qf3 Nd7 30. Nd4 Nxb6 31. axb6 Re5 32. Nf5 g6 33. Ne3 Bh6 34. Re1
Rce8 35. h4 Bxe3 36. Rxe3 Qd8 37. Qf4 Bb5 38. g5 Qxb6 39. Rf3 Rf5 40. Qg4 Be2
41. Rxe2 Rxe2 42. Rxf5 Re1+ 43. Kh2 gxf5 44. Qxf5 Qxb2 45. Qf3 Qe5+ 46. Kh3 Rc1
47. Qg4 Rc3+ 48. f3 b5 49. h5 Rc4 50. Qd7 Qxg5 51. Kh2 Qf4+ 52. Kg1 Rc1+ 53.
Kf2 Rc2+ 54. Kg1 Qd4+ 55. Kh2 Qh4+ 0-1

[Event "Gibtelecom Festival 2010 - Challenger 2"]
[Site "Gibraltar ENG"]
[Date "2010.01.31"]
[Round "1.16"]
[White "Allor, Chukwuka"]
[Black "Byron, Alan M"]
[Result "1/2-1/2"]
[WhiteElo "2100"]
[BlackElo "2196"]
[PlyCount "94"]
[EventDate "2010.01.31"]
[EventType "swiss"]
[EventRounds "5"]
[EventCountry "ENG"]
[Source "lmi"]
[SourceDate "2010.01.31"]

1. e4 c5 2. Nf3 d6 3. d4 cxd4 4. Nxd4 Nf6 5. Nc3 a6 6. Be3 e6 7. Be2 Be7 8. O-O
O-O 9. f4 Qc7 10. Kh1 Nc6 11. Qe1 Nxd4 12. Bxd4 b5 13. a3 Bb7 14. Qg3 g6 15.
Bf3 Nd7 16. Rad1 Rac8 17. Qh3 Rfd8 18. f5 e5 19. fxg6 hxg6 20. Be3 Nf8 21. Bg4
Rb8 22. Rf3 Qc4 23. Rdf1 f6 24. b3 Qf7 25. Bg5 Qh7 26. Be6+ Kg7 27. Bxf6+ Bxf6
28. Rxf6 Qxh3 29. Rf7+ Kh6 30. Bxh3 Nh7 31. Rd1 Ng5 32. Rf6 Bxe4 33. Bg4 Bxc2
34. Rdxd6 Rxd6 35. Rxd6 Bxb3 36. h4 Nf7 37. Rxa6 b4 38. Ne4 Bc4 39. Ra4 Bd5 40.
Nf6 Bxg2+ 41. Kxg2 b3 42. Ne4 b2 43. Nc3 b1=Q 44. Nxb1 Rxb1 45. Ra7 Nd6 46. Ra6
Rb2+ 47. Kf3 Nc4 1/2-1/2

[Event "Gibtelecom Festival 2010 - Challenger 2"]
[Site "Gibraltar ENG"]
[Date "2010.01.31"]
[Round "1.17"]
[White "Vea, Odin Blikra"]
[Black "Navarro Perez, Manuel"]
[Result "0-1"]
[WhiteElo "2189"]
[BlackElo "2099"]
[PlyCount "100"]
[EventDate "2010.01.31"]
[EventType "swiss"]
[EventRounds "5"]
[EventCountry "ENG"]
[Source "lmi"]
[SourceDate "2010.01.31"]

1. e4 g6 2. d4 Bg7 3. Nc3 d6 4. Be3 Nf6 5. Be2 O-O 6. g4 e5 7. d5 c6 8. h4 cxd5
9. exd5 Qa5 10. f3 e4 11. Qd2 exf3 12. Bxf3 Nxg4 13. Bd4 Re8+ 14. Nge2 Bh6 15.
Qd3 Bf5 16. Qb5 Qd8 17. h5 Be3 18. Bxg4 Bxg4 19. Bxe3 Rxe3 20. hxg6 fxg6 21.
O-O-O Qe7 22. Rh2 Bxe2 23. Nxe2 a6 24. Qc4 Nd7 25. Rdh1 Nf6 26. b3 Re8 27. Nf4
Re4 28. Qf1 Qe5 29. Rf2 Nxd5 30. Nd3 Qa1+ 31. Kd2 Qc3+ 32. Kc1 Qa1+ 33. Kd2
Qxf1 34. Rhxf1 Ne3 35. Rg1 Ng4 36. Rfg2 h5 37. Nb2 Kg7 38. Nc4 b5 39. Nb2 Ne5
40. Rf1 Rf8 41. Rxf8 Kxf8 42. a4 g5 43. Kc3 b4+ 44. Kd2 h4 45. Nd3 Nf3+ 46. Kc1
g4 47. Nf2 Re2 48. Rxg4 Rxf2 49. Rxb4 h3 50. Rb7 Kg8 0-1

[Event "Gibtelecom Festival 2010 - Challenger 2"]
[Site "Gibraltar ENG"]
[Date "2010.01.31"]
[Round "1.18"]
[White "Ungureanu, Sandu"]
[Black "Kawuma, Steven Male"]
[Result "1/2-1/2"]
[WhiteElo "2094"]
[BlackElo "2187"]
[PlyCount "93"]
[EventDate "2010.01.31"]
[EventType "swiss"]
[EventRounds "5"]
[EventCountry "ENG"]
[Source "lmi"]
[SourceDate "2010.01.31"]

1. e4 c5 2. Nf3 Nc6 3. d4 cxd4 4. Nxd4 Nf6 5. f3 Qb6 6. c3 d6 7. Na3 a6 8. Nxc6
Qxc6 9. Be3 d5 10. e5 Nd7 11. f4 e6 12. Nc2 Nb6 13. Nd4 Qc7 14. Qd2 Nc4 15.
Bxc4 dxc4 16. O-O Bc5 17. Nf3 b5 18. Bxc5 Qxc5+ 19. Qd4 Qxd4+ 20. Nxd4 Bd7 21.
Rfd1 Ke7 22. Rd2 Rhb8 23. Rad1 Rb7 24. Kf2 Rc7 25. Ke3 Rb7 26. a3 Rc7 27. h4 h5
28. Ne2 Bc6 29. Ng3 Rh8 30. Rd6 f5 31. Ne2 Ra8 32. Nd4 Bd7 33. Rb6 Raa7 34. Nf3
Rcb7 35. Rdd6 Rxb6 36. Rxb6 Bc8 37. Nd4 Rc7 38. Nc6+ Ke8 39. g3 Rd7 40. Nd4 Rd5
41. a4 bxa4 42. Rb4 Rc5 43. Rxa4 a5 44. Kd2 Bd7 45. Ra1 a4 46. Kc2 Kd8 47. Rd1
1/2-1/2

[Event "Gibtelecom Festival 2010 - Challenger 2"]
[Site "Gibraltar ENG"]
[Date "2010.01.31"]
[Round "1.20"]
[White "Pendlebury, Ian G"]
[Black "Byrn, Carsten"]
[Result "0-1"]
[WhiteElo "2091"]
[BlackElo "2171"]
[PlyCount "87"]
[EventDate "2010.01.31"]
[EventType "swiss"]
[EventRounds "5"]
[EventCountry "ENG"]
[Source "lmi"]
[SourceDate "2010.01.31"]

1. d4 Nf6 2. Nf3 g6 3. c3 Bg7 4. Bg5 Ne4 5. Bf4 d5 6. Nbd2 Nxd2 7. Qxd2 O-O 8.
Bh6 Nd7 9. h4 Nf6 10. h5 Bf5 11. hxg6 Bxg6 12. Bxg7 Kxg7 13. Qh6+ Kh8 14. Ne5
Rg8 15. e3 Rg7 16. Bd3 Bxd3 17. Nxd3 Rxg2 18. Nf4 Rg7 19. O-O-O Ng4 20. Qh4 e6
21. Ng6+ fxg6 22. Qxg4 Qf6 23. f4 Rf8 24. Rh6 Qf5 25. Qg3 b6 26. Rdh1 Rff7 27.
Qh4 Qf6 28. Qh3 c5 29. Rd1 cxd4 30. Rxd4 Rd7 31. Qg3 Qf5 32. Rh2 Rge7 33. Rhd2
Rf7 34. Qg2 Rc7 35. R4d3 Rc4 36. Rd4 Rxd4 37. Rxd4 Kg7 38. Rd1 h5 39. Rg1 Rf6
40. Qf3 e5 41. Rf1 exf4 42. exf4 Re6 43. Kd2 Qe4 44. Qf2 0-1

[Event "Gibtelecom Festival 2010 - Challenger 2"]
[Site "Gibraltar ENG"]
[Date "2010.01.31"]
[Round "1.21"]
[White "Kvisla, Johannes Luangtep"]
[Black "Jayakumar, Adarsh"]
[Result "0-1"]
[WhiteElo "2161"]
[BlackElo "2090"]
[PlyCount "121"]
[EventDate "2010.01.31"]
[EventType "swiss"]
[EventRounds "5"]
[EventCountry "ENG"]
[Source "lmi"]
[SourceDate "2010.01.31"]

1. d4 Nf6 2. c4 c5 3. d5 e6 4. Nc3 exd5 5. cxd5 d6 6. e4 g6 7. f3 Bg7 8. Bg5
O-O 9. Qd2 a6 10. a4 Re8 11. Nge2 Nbd7 12. Ng3 Qa5 13. Ra3 Qb4 14. Be3 Ne5 15.
a5 b5 16. axb6 Qxb6 17. Be2 Rb8 18. Nd1 Re7 19. O-O Ne8 20. h3 Ra7 21. b3 Nc7
22. f4 Nd7 23. f5 Nb5 24. Bxb5 Qxb5 25. fxg6 hxg6 26. e5 Bxe5 27. Qf2 Nf6 28.
Qf3 Qd3 29. Nf2 Qxd5 30. Nfe4 Nxe4 31. Nxe4 Bb7 32. Nf6+ Bxf6 33. Qxd5 Bxd5 34.
Rxf6 Be6 35. Bf4 Rb6 36. Kh2 Kg7 37. Bg5 Bxb3 38. Rf2 Rab7 39. Bf6+ Kf8 40. Bd8
Rc6 41. Ra1 c4 42. Re1 c3 43. Bf6 c2 44. Rfe2 Be6 45. Rc1 Bf5 46. Rce1 Rb8 47.
Bg5 Kg7 48. g4 Bd3 49. Rf2 Rc7 50. Rf3 Bb5 51. Bf6+ Kf8 52. Rc1 Re8 53. Kg3 d5
54. h4 Re4 55. h5 gxh5 56. gxh5 Kg8 57. h6 Kh7 58. Bd8 Rd7 59. Bb6 Be2 60. Rf2
Rg4+ 61. Kh3 0-1

[Event "Gibtelecom Festival 2010 - Challenger 2"]
[Site "Gibraltar ENG"]
[Date "2010.01.31"]
[Round "1.22"]
[White "Lumsdon, Andrew"]
[Black "Gandrud, Vegar Koi"]
[Result "1-0"]
[WhiteElo "2090"]
[BlackElo "2158"]
[PlyCount "83"]
[EventDate "2010.01.31"]
[EventType "swiss"]
[EventRounds "5"]
[EventCountry "ENG"]
[Source "lmi"]
[SourceDate "2010.01.31"]

1. d4 d5 2. Nf3 e6 3. e3 Nf6 4. a3 Be7 5. c4 O-O 6. Nbd2 b6 7. b4 c5 8. dxc5
bxc5 9. b5 a6 10. Bb2 dxc4 11. Bxc4 axb5 12. Bxb5 Bd7 13. a4 Bxb5 14. axb5 Rxa1
15. Qxa1 Qb6 16. Qa4 Nbd7 17. O-O Rb8 18. Bxf6 Nxf6 19. Rb1 Nd5 20. Nc4 Qb7 21.
Qb3 Bf6 22. Nfe5 Nb4 23. Nd6 Qd5 24. Qxd5 exd5 25. Nd7 Rd8 26. Nxc5 Na2 27. b6
Be7 28. Nc8 Rxc8 29. b7 Rb8 30. Na6 Nc3 31. Rb3 Rxb7 32. Rxb7 Bf8 33. Nb8 g6
34. Nd7 Be7 35. Rb3 d4 36. Kf1 Ne4 37. Rb8+ Kg7 38. exd4 Nd2+ 39. Ke2 Ne4 40.
Ne5 Nd6 41. Kf3 Kf6 42. Nc6 1-0

[Event "Gibtelecom Festival 2010 - Challenger 2"]
[Site "Gibraltar ENG"]
[Date "2010.01.31"]
[Round "1.24"]
[White "Dasaolu, Adeoye"]
[Black "Erdelyi, Tamas Dr"]
[Result "1-0"]
[WhiteElo "2068"]
[BlackElo "2156"]
[PlyCount "86"]
[EventDate "2010.01.31"]
[EventType "swiss"]
[EventRounds "5"]
[EventCountry "ENG"]
[Source "lmi"]
[SourceDate "2010.01.31"]

1. d4 Nf6 2. Nf3 c5 3. c4 cxd4 4. Nxd4 b6 5. Bg5 e6 6. f3 a6 7. e4 d6 8. Be2
Bb7 9. O-O Nbd7 10. Nc3 Qc7 11. Rc1 Rc8 12. Kh1 Qb8 13. Qd2 Be7 14. Rfd1 Bd8
15. b4 Bc7 16. Nb3 h6 17. Be3 O-O 18. Bf4 Ne8 19. Na4 Bc6 20. b5 axb5 21. Nd4
Bb7 22. Nxb5 e5 23. Be3 Bc6 24. Qb4 Nc5 25. Nac3 Bd8 26. Rd2 f5 27. exf5 Rxf5
28. Rcd1 Be7 29. Qb1 Rf6 30. Rb2 Bd8 31. Nxd6 Qxd6 32. Rxd6 Rxd6 33. Bxc5 bxc5
34. Rb8 Rxb8 35. Qxb8 Kf8 36. Kg1 Bg5 37. Kf2 e4 38. Nxe4 Bxe4 39. fxe4 Bf6 40.
Bh5 g6 41. Bg4 Rd2+ 42. Kf1 h5 43. Be6 Rd8 1-0

[Event "Gibtelecom Festival 2010 - Challenger 2"]
[Site "Gibraltar ENG"]
[Date "2010.01.31"]
[Round "1.25"]
[White "Daoudi, Kamal"]
[Black "Jameson, David"]
[Result "1-0"]
[WhiteElo "2155"]
[BlackElo "2053"]
[PlyCount "75"]
[EventDate "2010.01.31"]
[EventType "swiss"]
[EventRounds "5"]
[EventCountry "ENG"]
[Source "lmi"]
[SourceDate "2010.01.31"]

1. e4 e5 2. Nf3 Nc6 3. Bb5 Nf6 4. O-O Nxe4 5. d4 Nd6 6. dxe5 Nxb5 7. a4 Nd6 8.
Bg5 Be7 9. exd6 Bxg5 10. Re1+ Be7 11. dxe7 Nxe7 12. Qe2 d6 13. Ra3 Be6 14. Ng5
Qd7 15. Nc3 O-O-O 16. a5 Nc6 17. a6 b6 18. Nb5 Rde8 19. Re3 Kd8 20. f4 h6 21.
Nxe6+ Rxe6 22. Rxe6 Qxe6 23. Qxe6 fxe6 24. Rxe6 Nb8 25. Rg6 Rh7 26. Nxa7 Nxa6
27. Nc6+ Kd7 28. Nd4 Nb4 29. Kf2 Ke7 30. Kf3 Nd5 31. Ke4 Nf6+ 32. Kf5 Kf7 33.
c4 h5 34. Ne6 Rh6 35. Rxg7+ Ke8 36. Nxc7+ Kf8 37. Ne6+ Ke8 38. Kg5 1-0